| 000 | 00801nam a22001937a 4500 | ||
|---|---|---|---|
| 008 | 230515s1948 ag ||||| |||| 00| 0 spa d | ||
| 110 | 2 |
_aBanco de la Nación Argentina. _bGerencia de Administración |
|
| 245 | 1 | 0 |
_aCláusulas sobre Tierras, Colonización, Inmigración, Cooperativas y Crédito Agrario, insertas en las Constituciones de Diversos Países del Mundo / _cBanco de la Nación Argentina. Gerencia de Administración. |
| 260 |
_aBuenos Aires : _bGerencia de Administración y Biblioteca del Banco de la Nación Argentina, _c1948. |
||
| 300 |
_a152 fojas : _bmecanografiado y mimeografiado |
||
| 942 | _cLIBRO | ||
| 003 | AR-BaAGN | ||
| 005 | 20230517144003.0 | ||
| 007 | ta | ||
| 040 |
_aAR-BaAGN _bspa _eaacr |
||
| 336 |
_2rdacontent _btxt |
||
| 337 |
_2rdamedia _bn |
||
| 338 |
_2rdacarrier _bnc |
||
| 999 |
_c48218 _d48218 |
||